000 00893cam4a220027700 4500
001 lce01464702
008 820929s1983 enka b 001 0 eng
010 _a 82019963
020 _a0471900923
035 _a(Sirsi) r93940
035 _a(DLC) 82019963
035 _a(UPRA)lce01464702
040 _dUPRA
050 0 _aSB731
_bBio 1983
082 0 _a581.2/192
_219
245 0 0 _aBiochemical plant pathology /
_cedited by J.A. Callow.
260 _aChichester ; New York :
_aChichester ; New York :
_bWiley,
_cc1983.
500 _a"A Wiley-Interscience publication."
504 _aIncludes bibliographies and indexes.
650 0 _aPlant diseases.
_6S170.1
650 0 _aBotanical chemistry.
_6S9384.1
650 0 _aMicrobiological chemistry.
_6S4501.1
700 1 _aCallow, J. A.
_6A52685.1
949 _aSB731
_wlcc
_c 2
_i33729000098082
_mVETMED
_tBOOK
_lON-SHELF
004 93940
999 _c131791
_d131791